Những nguyên lý tiếp thị = Principles of marketing
Tìm hiểu tiếp thị, tổ chức tiến trình hoạt động tiếp thị, phân tích các cơ may thị trường, lựa chọn các thị trường trọng điểm. Triển khai phối thực tiếp thị, quản trị nổ lực tiếp thị, mở rộng tiếp thị....
Guardat en:
| Autor principal: | |
|---|---|
| Format: | Llibre |
| Idioma: | Undetermined |
| Publicat: |
Hà Nội
Thống Kê
2000
|
| Matèries: | |
| Etiquetes: |
Afegir etiqueta
Sense etiquetes, Sigues el primer a etiquetar aquest registre!
|
| Thư viện lưu trữ: | Trung tâm Học liệu Trường Đại học Cần Thơ |
|---|
| LEADER | 00984nam a2200229Ia 4500 | ||
|---|---|---|---|
| 001 | CTU_39308 | ||
| 008 | 210402s9999 xx 000 0 und d | ||
| 020 | |c 105000 | ||
| 082 | |a 658.8 | ||
| 082 | |b K87/T.1 | ||
| 100 | |a Kotler, Philip | ||
| 245 | 0 | |a Những nguyên lý tiếp thị = | |
| 245 | 0 | |b Principles of marketing | |
| 245 | 0 | |c Philip Kotler; Dịch giả: Trần Văn Chánh ...[et al.] | |
| 260 | |a Hà Nội | ||
| 260 | |b Thống Kê | ||
| 260 | |c 2000 | ||
| 520 | |a Tìm hiểu tiếp thị, tổ chức tiến trình hoạt động tiếp thị, phân tích các cơ may thị trường, lựa chọn các thị trường trọng điểm. Triển khai phối thực tiếp thị, quản trị nổ lực tiếp thị, mở rộng tiếp thị. | ||
| 650 | |a Managerial economics,Marketing | ||
| 650 | |x Management | ||
| 904 | |i Năm | ||
| 980 | |a Trung tâm Học liệu Trường Đại học Cần Thơ | ||